Central Library OPAC University of Rajshahi

ক্বেবলা ও সালাত / (Record no. 81431)

MARC details
000 -LEADER
fixed length control field 00739nam a2200205 a 4500
001 - CONTROL NUMBER
control field 81431
003 - CONTROL NUMBER IDENTIFIER
rucl marc code BD-RjUL
005 - DATE AND TIME OF LATEST TRANSACTION
control field 20230522114443.0
008 - FIXED-LENGTH DATA ELEMENTS--GENERAL INFORMATION
fixed length control field 230522s2021 bg ||||| |||| 00| 0 bg d
020 ## - INTERNATIONAL STANDARD BOOK NUMBER
International Standard Book Number 97898495356074
035 ## - SYSTEM CONTROL NUMBER
System control number (BD-RjUL)81431
040 ## - CATALOGING SOURCE
Original cataloging agency BD-RjUL
Language of cataloging eng
Transcribing agency BD-RjUL
041 ## - LANGUAGE CODE
Language code of text/sound track or separate title ben
082 ## - DEWEY DECIMAL CLASSIFICATION NUMBER
Edition number 23
Classification number 297.3822
Author mark and year CIK 2021
100 ## - MAIN ENTRY--PERSONAL NAME
Personal name চিশতী, সদর উদ্দিন আহমদ
9 (RLIN) 7599
245 10 - TITLE STATEMENT
Title ক্বেবলা ও সালাত /
Statement of responsibility, etc. সদর উদ্দিন আহমদ চিশতী
260 ## - PUBLICATION, DISTRIBUTION, ETC. (IMPRINT)
Place of publication, distribution, etc. ঢাকা :
Name of publisher, distributor, etc. ইমামীয়া চিশতীয়া পাবলিশার,
Date of publication, distribution, etc. ২০২১
300 ## - PHYSICAL DESCRIPTION
Pagination ১১২ পৃ.;
Size ২২ সেমি.
942 ## - ADDED ENTRY ELEMENTS (KOHA)
Source of classification or shelving scheme Dewey Decimal Classification
Koha item type Books
Holdings
Lost status Source of classification or shelving scheme Damaged status Not for loan Collection code Permanent Location Current Location Shelving location Date acquired Source of acquisition Cost, normal purchase price Total Checkouts Full call number Date last seen Copy number Koha item type
  Dewey Decimal Classification   Not For Loan Non-fiction Central Library, University of Rajshahi Central Library, University of Rajshahi Reading Room 02/03/2023 Author 240.00   B 297.3822 CIK 2021 22/05/2023 C-1 Books